Návrh komunikačnej stratégie pre konkrétnu značku diplomová práca

Salvato in:
Dettagli Bibliografici
Autore principale: Olšová, Klára
Ente Autore: Obchodná fakulta EU. Katedra marketingu
Altri autori: Korčoková, Marína, 1970-
Natura: Libro
Lingua:slovacco
Pubblicazione: Bratislava 2025
Tags: Aggiungi Tag
Nessun Tag, puoi essere il primo ad aggiungerne!!

MARC

LEADER 00000nbm a2200000 4500
001 0310103
005 20251104121221.1
041 0 |a slo 
044 |a SK 
245 1 0 |a Návrh komunikačnej stratégie pre konkrétnu značku  |b diplomová práca  |c Klára Olšová ; školiteľ: Marína Korčoková 
264 1 |a Bratislava  |c 2025 
300 |a 91 s. 
100 1 |a Olšová, Klára 
700 1 |a Korčoková, Marína, 1970- 
710 2 |a Obchodná fakulta EU. Katedra marketingu